Bahagia sesudah derita

Bibliographic Details
Main Author: Md. Akhir Leman
Format: Book
Published: Kuala Lumpur : Dewan Bahasa dan Pustaka , 2004
Edition:Edisi kedua
Series:Siri sastera melayu kanak-kanak pilihan abad 20
Subjects:

MARC

LEADER 00000cam a2200000 7i4500
001 0000046834
005 20150408.0
008 08042015
020 |a 9789836280650 
020 |a 9836280650 
090 0 0 |a 899.2333   |b MDA 
100 1 |a Md. Akhir Leman 
245 1 0 |a Bahagia sesudah derita   |c Md. Akhir Leman 
250 |a Edisi kedua 
260 |a Kuala Lumpur :   |b Dewan Bahasa dan Pustaka ,   |c 2004 
440 |a Siri sastera melayu kanak-kanak pilihan abad 20 
650 0 |a Malay fiction 
999 |a 0000877974   |b Book   |c Adult Collection   |e Cawangan Tmn. Ungku Tun Aminah